=LDR 00000nam 2200000 4500 =001 INLIS000000000009534 =005 20200310022942 =035 ##$$a 0010-061300000009534 =008 200310################g##########0#ind## =041 ##$$a Ind =082 ##$$a 294.54 =090 ##$$a 294.54, Put-b =100 1#$$a Putra, I.B. Rai =245 1#$$a Babad dalem /$c Drs.I.B. Rai Putra =260 ##$$a Denpasar :$b Upada Sastra,$c 1995 =300 ##$$a ii, 83 hlm. ; $c 15x20 cm. =650 #4$$a Hinduisme =850 ##$$a NBPNMAT =020 ##$$a 979-8325-29-X =084 ##$$a 294.54 PUT b =990 ##$$a DW00024096 =990 ##$$a DW00024097 =990 ##$$a DW00024098 =990 ##$$a DW00024781 =990 ##$$a DW00024096 =990 ##$$a DW00024097 =990 ##$$a DW00024098 =990 ##$$a 95.718 pro.96 =990 ##$$a DW00024781 =990 ##$$a DW00024096 =990 ##$$a DW00024097 =990 ##$$a 124.317 pb.97 =990 ##$$a DW00024781 =990 ##$$a DW00024096 =990 ##$$a 95.718 pro.96 =990 ##$$a 95.717 pro.96 =990 ##$$a DW00024096 =990 ##$$a 124.317 pb.97 =990 ##$$a 95.718 pro.96 =990 ##$$a 124.316 pb.97 =990 ##$$a 95.717 pro.96 =990 ##$$a 124.317 pb.97 =990 ##$$a 95.718 pro.96